00777 2200289 4500001002100000005001500021035002000036007000300056008004100059020002200100082001000122084001600132100004400148245009500192250001000287260003200297300002100329650001700350700002000367520003400387990001100421990001100432990001100443990001100454990001100465990001100476INLIS00000000000348320190522025117 a0010-0519000075ta190522 g 0 ind  a978-979-1254-23-6 a297.2 a297.2 SYA s0 aSYAIKH, Muhammad bin Shalih al-Utsaimin1 aSyarah Aqidah Wasithiyah Buku Induk Akidah Islam /cSyaikh Muhammad bin Shalih al-Utsaimin acet.8 aJakarta :bDarul HAQ,c2016 a932 hlm ;c25 cm 4aAKIDAH.ISLAM0 aIZZUDIN, Karimi aSyarh al-Aqidah al-Wasithiyah a6775 a a6775 b a6775 b a6775 a a6775 a a6775 b